000 01444nam0a2200361 i 4500
001 RU\NLR\BIBL_A\010300007
005 20241103132937.0
010 _a9785407001669
_93000
021 _aRU
_b2014-6219
_9387
035 _a(NLR Aleph) 010300007
090 _a10588902
_c10588902
100 _a20140328d2014 u y0rusy50 ca
101 0 _arus
102 _aRU
105 _aa|||j|||001yy
200 1 _a12 упражнений для детей и родителей для позитивного настроя
_fР. К. Хазиева
210 _aСанкт-Петербург
_cЛитера
_d2014
215 _a61, [3] с.
_cил.
_d24
225 1 _aОх уж эти детки!
_eсекреты воспитания
300 _aНа 4-й с. обл. авт.: Р. К. Хазиева - педагог-психолог
320 _aБиблиогр. в конце кн.
320 _aДр. произведения авт. на 4-й с. обл.
606 1 _aДети
_xВоспитание позитивного мышления
_92088272
_3RU\NLR\auth\661567808
606 _aДети и родители
_xПсихологическая служба
_92100863
_3RU\NLR\AUTH\661270599
686 1 _aЧ313.52
686 1 _aЧ491.352
686 1 _aС550.325
686 1 _aЮ984.92
700 1 _aХазиева
_bР. К.
_gРоза Кадимовна
942 _cBOOK
980 _aNBR